000 00773nam a22002177a 4500
999 _c11784
_d11784
003 AR-CdUCM
008 190405b ||||| |||| 00| 0 spa d
040 _aMUNICIPALIDAD PROVINCIAL DEL CUSCO
_cBIBLIOTECA MUNICIPAL DEL CUSCO
082 _a201 /
_bM26 /1892
100 _aMartinengo, F
_929326
245 _aMadre y madrastas :
_bromance ami manera /
260 _aBuenos Aires :
_bLiberia salesiana,
_c1892.
300 _a400 paginas ;
_c13 cm.
505 _aContenido : Al pueblo católico -- La hoguera -- Las indulgencias -- La tolerancia protestante.
650 _aCatolicismo
_92175
650 _aProtestantes
_929327
650 _aPrincipio de rezo
_929328
700 _aCaprioglio, Felix (Traductor)
_929329
942 _2ddc
_cLIBROS
945 _awnts
_d2019-04-05